header

Ancient literacy (Record no. 165967)

MARC details
000 -LEADER
fixed length control field 01303nam a2200349Ia 4500
100 1# - MAIN ENTRY--AUTHOR NAME
Personal name Harris, William V.
245 10 - TITLE STATEMENT
Title Ancient literacy
260 ## - PUBLICATION, DISTRIBUTION, ETC. (IMPRINT)
Place of publication Cambridge, MA :
Name of publisher Harvard University Press,
Year of publication 1989.
300 ## - PHYSICAL DESCRIPTION
Number of Pages xv, 383 p.
650 #0 - SUBJECT ADDED ENTRY--TOPICAL TERM
Topical Term Classical languages
Topical Term Literacy
Topical Term Literacy
Topical Term Civilization, Classical.
Topical Term Language and culture
Topical Term Language and culture
856 40 - ELECTRONIC LOCATION AND ACCESS
Uniform Resource Identifier http://site.ebrary.com/lib/rucke/Doc?id=10314307

No items available.

© 2026 Rongo University
Contact us: librarian | system librarian | Rongo university